00720nam a2200217 a 4500001000400000003001000004005001700014008004100031020001400072040002500086080001600111100006700127245004400194250002000238260003500258300001800293505008900311650002600400650003500426650004100461457BR-CuiBMT20231124225933.0231107b2004 spb 000 0 por d a850204656 aBR-CuiBMTcBR-CuiBMT 22007a343.21 aJesus, Damásio E. deq(Damásio Evangelista de),d1935-202010aDireito penal /cDamásio E. de Jesus. a26. ed., atual. aSão Paulo :bSaraiva,c2004. a v. ; c24 cm1 av. 2. Parte especial : dos crimes contra a pessoa e dos crimes contra o patrimônio aDireito penalzBrasil aCrimes contra a pessoazBrasil aCrimes contra o patrimôniozBrasil